000 01294nam a22003737a 4500
003 CHAP
005 20220329133145.0
008 971013s1991 r 00010 d
010 _a2817
011 _a3789
035 _a2990
040 _cCHAP
090 _aTesis
100 0 0 _aLicona Vargas, José.
_966713
245 _aDeterminación de la cantidad y momento de aplicación en el ciclo estral de una dósis luteolitica de oxitocina en un hato de bovinos lecheros
260 _aChapingo, Méx. :
_bEl autor,
_c1991
300 _a45 h.
500 _aD47-109
502 _aTesis (Ing. Agr. Esp. en Zootecnia) -- UACH. Departamento de Zootecnia
590 _aALEPH
_b10
_c20130110
_lUCH01
_h1214
590 _aBATCH-UPD
_b10
_c20130110
_lUCH01
_h1606
590 _aBATCH-UPD
_b10
_c20130410
_lUCH01
_h1002
590 _aBATCH-UPD
_b10
_c20130914
_lUCH01
_h0930
590 _aCONVERSION
_b10
_c20130109
_lUCH01
_h1303
650 1 4 _aCiclo estrual.
_923072
650 1 4 _aGanado Holstein.
_945133
650 1 4 _aGanado lechero
_xFecundidad.
_945264
650 1 4 _aGanado vacuno
_xFecundidad.
_945466
650 1 4 _aHormonas
_xEfecto en animales domésticos.
_956236
901 _aBK
942 _cTESIS
949 _bBC
_cTES
_d-12498
_eTS1
_h24670
_i2990
_mD
_si
949 _bZ
_cTES
_d-4366
_eTS1
_i2990
_si
999 _c2817
_d2817